| 000 | 00453nam a22001697a 4500 | ||
|---|---|---|---|
| 003 | CEME | ||
| 005 | 20210628203745.0 | ||
| 008 | 210416b xxu||||| |||| 00| 0 eng d | ||
| 020 | _a1-85532-338-9 | ||
| 040 | _c. | ||
| 082 | _a358.18 ZAL'T | ||
| 100 |
_aJerchel, Michael , Zaloga, Steven , Sewell, Stephen _967165 |
||
| 245 | _aT-72 , main battle tank. 1974-1993 | ||
| 260 |
_aLONDON _bOSPREY MILITARY _c1993 |
||
| 300 | _a48P.ILL | ||
| 942 |
_cBK _2ddc |
||
| 999 |
_c575005 _d575005 |
||